Miasta województwa kieleckiego II RP z mapą - Statystyki

Ogólne statystyki
  • Ten quiz został rozwiązany 17 razy
  • Średni wynik to 22 z 40
Odpowiedzi na mapie
Odpowiedzi zakodowano w zielono-czerwonej skali na mapie do tego quizu, zgodnie z poniższymi procentami.
 
Statystyki odpowiedzi
Miasto % Poprawnych
Kielce
100%
Radom
88%
Sandomierz
88%
Częstochowa
81%
Końskie
75%
Opatów
75%
Ostrowiec
75%
Skarżysko-Kamienna
75%
Będzin
69%
Dąbrowa Górnicza
69%
Jędrzejów
69%
Miechów
69%
Opoczno
69%
Sosnowiec
69%
Włoszczowa
69%
Busko
63%
Chęciny
63%
Iłża
56%
Kłobuck
56%
Pińczów
56%
Szydłowiec
56%
Zawiercie
56%
Kozienice
50%
Olkusz
50%
Zawichost
50%
Chmielnik
44%
Czeladź
44%
Skalbmierz
44%
Skaryszew
44%
Słomniki
44%
Staszów
44%
Szczekociny
44%
Zwoleń
44%
Proszowice
38%
Wolbrom
38%
Krzepice
31%
Przedbórz
31%
Wyśmierzyce
25%
Działoszyce
19%
Wierzbnik
19%
Nie znaleziono quizów pasujących do podanych kryteriów
Rozkład punktacji
Procent ludzi z każdym wynikiem
Percentyl według liczby udzielonych odpowiedzi
Twoja historia wyników
Nie rozwiązałeś tego quizu